CSGO: 2023 Teams by Nationalities - Statistics

General Stats
  • This quiz has been taken 80 times
  • The average score is 16 of 19
Answer Stats
Hint Answer % Correct
2x Bosnians, 1x Dane, 1x Russian, 1x Australian G2
99%
1x Latvian, 1x Dane, 1x Canadian, 1x Norwegian, 1x Estonian FaZe
96%
3x Americans, 1x Canadian, 1x Latvian Liquid
93%
3x Ukrainians, 2 Russians Natus Vincere
93%
2x French, 2x Dane, 1x Israeli Vitality
91%
5x Danes Heroic / Astralis
90%
5x Brazilians FURIA
88%
2x Dane, 1x Montenegrin, 1x Spaniard, 1x Pole ENCE
87%
5x Germans BIG
85%
5x Turks Eternal Fire
81%
1x Swede, 1x Dutch, 1x Brit, 2x Dane Fnatic
79%
1x Australian, 1x Bulgarian, 1x German, 1x Slovakian, 1x Israeli MOUZ
79%
2x Swedes, 1x Dane, 1x Finn, 1x Ukrainian NIP
79%
3x Russians, 2 Kazakh Cloud 9
78%
2x Americans, 1x South African, 1x Norwegian, 1x Canadian Complexity
76%
4x Russians, 1 Ukrainian Spirit
75%
1x Serbian, 1x Czech, 1x Russian, 1x Israeli, 1x Pole OG
74%
4x Russians, 1 Kazakh Outsiders
66%
5x Mongolians IHC
54%
No matching quizzes found
Score Distribution
Percent of People with Each Score
Percentile by Number Answered
Your Score History
You have not taken this quiz